Score 0/20 Timer 03:00
4 Plays Today
% Correct
Cruise
96.8%
Hanks
96%
Sawyer
95.5%
Jefferson
93.5%
Edison
92%
Selleck
85.5%
Petty
85%
Jones
85%
Brady
82.1%
Clancy
81.2%
% Correct
Aquinas
75.3%
Paine
67.3%
Cromwell
61%
Hiddleston
57.6%
Becket
49%
Lawrence
45.8%
Hardy
45.6%
Baker
44.2%
Eliot
43.6%
Mann
41.7%

You're not logged in!

Compare scores with friends on all Sporcle quizzes.
OR
Log In

Sporcle TV

Today on Sporcle TV


Watch our educational content, quiz creation guides, and fun videos on Sporcle TV.

Show Comments

Extras

Top Quizzes Today


Score Distribution

Your Account Isn't Verified!

In order to create a playlist on Sporcle, you need to verify the email address you used during registration. Go to your Sporcle Settings to finish the process.

Report this User

Report this user for behavior that violates our Community Guidelines.

Details: